Физика на твърдото състояние (Запис номер 56165)
[ съкратено ]
| 000 -Лидер | |
|---|---|
| Контролно поле с фиксирана дължина | 01598nam a2200313 c 4500 |
| 003 - Код на организацията, давaща контролен номер | |
| Контролно поле | BLK |
| 005 - Дата и час на последна редакция | |
| Контролно поле | 20180422101953.0 |
| 008 - Елементи от данни с фиксирана дължина | |
| fixed length control field | 180408b bul|||||r ||||||| ||bul|| |
| 010 ## - Наследен системен номер | |
| LC control number | KNG00060134000 |
| 040 ## - Източник на каталожния запис | |
| Идентификатор на билиотеката - собственик на записа | BLK |
| 041 ## - Код за език | |
| Код за езика на текст/звукозапис или на отделно заглавие | Български |
| Код за езика КДБФ | Български |
| 080 ## - УДК | |
| Текстов определител УДК | Структура на молекулярните системи - Физика на твърдото тяло, на металите, на полимерите - Свойства на твърдото тяло, текстура на молекулярните системи и на материалите, субструктура, микрострукт |
| УДК код - определител по УДК | 539.2 |
| УДК определител | |
| УДК - код + определител | 539.2 |
| 100 1# - Редна дума - Автор | |
| Автор | Блейкмор, Джон Сидней |
| Авторска отговорност | първи автор |
| R(LIN) | 39579 |
| 139 ## - Редно поле | |
| Редна дума | Блейкмор, Джон Сидней |
| Авторски знак | Бле - Б 48 |
| 245 10 - Сведения за заглавието | |
| Заглавие | Физика на твърдото състояние |
| Подзаглавни данни | Моногр. |
| Редно поле (дума) | Джон Сидней Блейкмор; прев. от англ. Лиляна Попова. |
| 257 ## - Страна на издаване | |
| Страна на създаване/издаване | Великобритания |
| 260 ## - Област на издателските данни | |
| -- | София |
| Име на издателя, разпространителя и проч. | Наука и изкуство |
| Година на издаване | 1983 |
| 300 ## - Физическа характеристика | |
| Страници | 536 с. |
| Илюстрации и др. | с ил. |
| Размери/Мащаб | 23 см |
| 380 ## - Жанр | |
| Жанр | Естествени науки. Математика |
| 500 ## - Общи забележки | |
| Забележка | Ориг. загл. Solid state physics / J. S. Blakemore. - 2 100 тир. - Библиогр. с. 9 - 10 и след отд. гл. - Азб. показалец. |
| 650 #4 - Допълнително описание по предмет – тема | |
| Основно описание – тема или топоним | Твърди тела - физика - учебници за ВУЗ |
| 9 (RLIN) | 286679 |
| 653 ## - Ключова дума – ненормативна | |
| Ключова дума | физика |
| 700 1# - Други автори (авторска отговорност) | |
| Лично име | Попова, Лиляна |
| Автороска отговорност (Описва отношението между автора и произведението) | прев. от англ. |
| 9 (RLIN) | 364017 |
| 852 ## - Местоположение | |
| Форматна сигнатура | Цб 124017 |
| 856 4# - Електронен адрес и достъп | |
| Електронен формат | pdf - файл |
| Път до файла /url/ | |
| 856 4# - Електронен адрес и достъп | |
| Електронен формат | pdf - файл |
| Път до файла /url/ | |
| 942 ## - АРТИКУЛИ | |
| Вид на библиотечния материал | Книги |
| Скрит в OPAC | Не |
| 944 ## - СЪЗДАВАНЕ И РЕДАКЦИЯ на ЗАПИСА | |
| Създаване/Редакция | Създаване |
| Дата на регистрацията/редакция | 13.06.2004 |
| Служител, извършил регистрацията/редакцията | Читалня |
| 944 ## - СЪЗДАВАНЕ И РЕДАКЦИЯ на ЗАПИСА | |
| Създаване/Редакция | Редакция |
| Дата на регистрацията/редакция | 25.09.2012 |
| Служител, извършил регистрацията/редакцията | |
| 999 ## - СИСТЕМНИ КОНТРОЛНИ НОМЕРА | |
| Koha biblionumber | 56165 |
| Koha biblioitemnumber | 56165 |
| Код за отписване | Код за изгубен артикул | Източник на класификационната схема | Код за повреда | Коз за рестрикции | Код за отдаване | Артикулен № | Име на библиотеката - собственик | Име на библиотеката, в която се намира в момента | Статус (Текущо местоположение) | Дата на вписване в системата | Местоположение - отдел | Цена в лева | Инвентарен номер | Систематично азбучна сигнатура | Баркод | Номер на екземпляра | Цена в евро | Служебна бележка | Служебен тип на артикула |
|---|---|---|---|---|---|---|---|---|---|---|---|---|---|---|---|---|---|---|---|
| Изтеглен | Не е изгубен | Universal Decimal Classification | Не е повреден | без рестрикции | ползва се в читалня | 88523 | Регионална библиотека "Любен Каравелов" Русе | Регионална библиотека "Любен Каравелов" Русе | Читалня | 1993-01-01 | Читалня | 5.52 | 387737 | Ч 539/Б 48 | 387737 | 1 | 2.82 | Дост: Pk Вид: Ф N: стар фонд Дата: 01.01.1983 Дата инв: 16.03.2017 Бележки инв: Ч2017 | Книги |
| Не е изгубен | Universal Decimal Classification | Не е повреден | само за читалня | ползва се в читалня | 88525 | Регионална библиотека "Любен Каравелов" Русе | Регионална библиотека "Любен Каравелов" Русе | Хранилище | 1983-01-01 | Хранилище | 5.52 | 387290 | Цб 124017 | 900000011967 | 2 | 2.82 | Дост: Dp Вид: Д N: стар фонд Дата: 01.01.1983 | Книги | |
| Изтеглен | Не е изгубен | Universal Decimal Classification | Не е повреден | без рестрикции | заемане за дома | 88527 | Регионална библиотека "Любен Каравелов" Русе | Регионална библиотека "Любен Каравелов" Русе | Заемна - подръчен фонд | 1983-01-01 | Заемна - подръчен фонд | 5.52 | 387734 | П 539.2/Б 48 | 387734 | 3 | 2.82 | Дост: Pk Вид: Ф N: стар фонд Дата: 01.01.1983 | Книги |
| Изтеглен | Не е изгубен | Universal Decimal Classification | Не е повреден | без рестрикции | заемане за дома | 88529 | Регионална библиотека "Любен Каравелов" Русе | Регионална библиотека "Любен Каравелов" Русе | Заемна - подръчен фонд | 1983-01-01 | Заемна - подръчен фонд | 5.52 | 387736 | П 539.2/Б 48 | 387736 | 4 | 2.82 | Дост: Pk Вид: Ф N: стар фонд Дата: 01.01.1983 | Книги |